000 00488 a2200193 4500
005 20260214105912.0
008 260212b |||||||| |||| 00| 0 eng d
020 _a97881747303035
_cRs. 799.00
040 _aMAIN
082 _a596
_bP228T(7)
100 _aParker, T Jeffery
245 _aTextbook of zoology vertebrates
250 _a7th edition
260 _bAitbs Publishers
_c2026
_aDelhi
300 _axxiii, 952
650 _aZoology
650 _aVertebrates
942 _cBK
999 _c395024
_d395024